LEADER 01578nam a2200337 u 4500 001 000000015117 003 CaOOAMICUS 005 20070226105837.0 008 941122s1985 it afh u000 u ita u 035 $a10355137 040 $aISV$bita$dEFR(R) 100 1 $aBartoccini, Fiorella.$0(OLS)http://pul/name/13936 245 10$aRoma nell'Ottocento :$bil tramonto della "Città Santa", nascita di una capitale /$cdi Fiorella Bartoccini. 260 $aBologna :$bCappelli,$c1985. 300 $a872 p., 20 p. of plates :$bill., facsims. ;$c25 cm 490 1 $aStoria di Roma ;$v16 500 $aIncludes index. 500 $aAt head of title: Istituto nazionale di studi romani. 504 $aIncludes bibliographical references and notes. 651 0$aRome (Italy)$xHistory$y19th century.$2//eng$0(OLS)http://pul/subject/6842 651 0$aRome (Italy)$xPolitics and government$y19th century.$2//eng$0(OLS)http://pul/subject/10114 710 2 $aIstituto di studi romani.$0(OLS)http://pul/name/131 830 0$aStoria di Roma ;$v16.$0(OLS)http://pul/title/163 850 $aPUL 852 $aPUL$W1$xSL Filosofia 1$y2$m116 B 19$j21188$nBK-PRI$b $qStampati$B21188$CPULBib$Z2$F21188 $H $81 910 $aIstituto nazionale di studi romani$9131 910 $aIstituto nazionale di studi romani$9131 941 1 $a8 961 $aINV: 54252 996 $6245$aRoma nell'Ottocento :$bil tramonto della "Città Santa", nascita di una capitale$9(OLS)http://pul/title/21695 996 $6260$aBologna :$bCappelli$9(OLS)http://pul/publisher/47917 LEADER 01427nam a2200301 a 4500 001 000000157074 003 CaOOAMICUS 005 20161202145130.0 008 161202s1978 sp u000 u spa r 032 $aLibriCat 040 $aPUL$bita 100 1 $aMeliá, Juan.$0(OLS)http://pul/name/100187 245 10$aMisión Galilea y Misión universal en los sinópticos / $cJuan Meliá . 260 $aValencia :$b[s.n.],$c1978. 300 $a107 p. ; $c25 cm. 502 $aEstratto da Tesi -- Pontificium Athenaeum Antonianum. Facultas Theologica. Sectio Biblica. 1978. 504 $aBibliografia in nota a piè pagina. 651 4$aGalilea$xStoria.$0(OLS)http://pul/subject/25991 710 2 $aPontificio Ateneo Antoniano.$bFacoltà di Teologia.$kTesi.$0(OLS)http://pul/name/99830 850 $aPUL 852 $aPUL$W1$xDP1 Tesi Pon. At. Antonianum$y30$mTH ANT TH240$j180357$qTesi$B183482$CPULBib$Z2$F183482 $H55942 $82 910 $aPontificium Athenaeum Antonianum.$bFacultas Theologiae.$kTesi$999830 910 $aPontificia Università Antonianum.$bFacoltà di teologia.$kTesi$999830 910 $aPontificia Università Antonianum.$bFacoltà di teologia.$kTesi$999830 941 1 $a16 996 $6245$aMisión Galilea y Misión universal en los sinópticos / $9(OLS)http://pul/title/196672 996 $6260$aValencia :$b[s.n.]$9(OLS)http://pul/publisher/60821